Statistics for Foods That Are Orange

Click here to take the quiz!

General Stats

  • This quiz has been taken 366 times
  • The average score is 8 of 10

Answer Stats

HintAnswer% Correct
Grown in florida and it's juice is commonly drunk for breakfast.Oranges
98%
Rabbits are known for eating them.Carrots
98%
Used to make jack-o-lanterns and is popular during halloween.Pumpkins
98%
Can be made into fries and is very sweet.Sweet potato
92%
A spicy vegetable that has many varieties like Bell or Ghost Chili.Peppers
89%
The second most popular cheese in the US. It is a pale yellowy-orange color.Cheddar cheese
75%
A sweet fruit with a fuzzy skin, and grow in trees.Peaches
72%
It looks like a mini orange but is sweeter and stronger than an orange.Tangerines
64%
A melon with an orange flesh and and green skin.Cantaloupe
46%
A _____ is a bright orange-colored fruit that looks almost like a tomato.Persimmons
26%

Score Distribution

Percentile by Number Answered

Percent of People with Each Score

Your Score History

You have not taken this quiz